Sociología
Kaydedildi:
| Asıl Yazarlar: | , |
|---|---|
| Materyal Türü: | Kitap |
| Dil: | İspanyolca |
| Baskı/Yayın Bilgisi: |
Madrid
Prentice Hall
1999
|
| Konular: | |
| Etiketler: |
Etiketle
Etiket eklenmemiş, İlk siz ekleyin!
|
MARC
| LEADER | 00000nam a2200000 a 4500 | ||
|---|---|---|---|
| 001 | UCO5995 | ||
| 003 | CL-VaPUC | ||
| 008 | 000929e19990000SP |||||||||||||||||spa|d | ||
| 082 | 0 | 4 | |a 301 |b MAC |2 21 |
| 100 | |a Macionis, John J. |e autor |9 538832 | ||
| 700 | 0 | |a Plummer, Ken |e author |9 450789 | |
| 245 | 1 | 0 | |a Sociología |
| 300 | |a 704 p | ||
| 942 | |c BK | ||
| 945 | |d 20000929 00:00:00 |a vberengu | ||
| 260 | |a Madrid |b Prentice Hall |c 1999 | ||
| 650 | 0 | |a Cambio social |9 256857 | |
| 650 | 0 | |a Cultura |9 269059 | |
| 650 | 0 | |a Desigualdad social |9 349409 | |
| 650 | 0 | |a Instituciones sociales |9 329915 | |
| 650 | 0 | |a Psicología social |9 222894 | |
| 650 | 0 | |a Sociedad |9 307903 | |
| 583 | |a last modification |c 20000929 00:00:00 |k Rodrigo Vera | ||
| 999 | |c 291791 |d 291789 | ||
| 952 | |0 0 |1 0 |4 0 |6 301_000000000000000_MAC_1999 |7 0 |8 A |9 341983 |a BIBHIS |b BIBHIS |d 2019-11-20 |i 3653684 |l 2 |m 6 |o 301 MAC 1999 |p 3653684 |r 2024-06-19 |s 2024-05-17 |w 2019-11-20 |y BK |k HIS | ||